| 000 | 00386pab a2200157 454500 | ||
|---|---|---|---|
| 008 | 180718b2015 xxu||||| |||| 00| 0 eng d | ||
| 100 | _aBaruah, Munin | ||
| 245 | _aBureaucracy and good governance | ||
| 260 | _c2015 | ||
| 300 | _ap.89-93. | ||
| 362 | _aJan-Jun & Jul-Dec | ||
| 650 | _aGood governance | ||
| 650 | _aBureaucracy | ||
| 773 | _aReview of Politics | ||
| 909 | _a115866 | ||
| 999 |
_c115860 _d115860 |
||